Quick Pick: History Channel Shows Quiz Stats

 Plays Quiz Updated Jun 24, 2018

Challenge
Share
Tweet
Embed
Score 0/14 Timer 01:00
0 Plays Today
% Correct
Truckers
86.2%
America
84.2%
Shapes
81.3%
Fire
77.7%
Die
74.9%
Pawn
74.4%
Ancient
69.1%
% Correct
Pickers
69%
Swamp
67.5%
Marvels
65.1%
Fight
59.5%
Shot
42.7%
People
38.9%
Tech
35.8%

Today's Daily Dose

You're not logged in!

Compare scores with friends on all Sporcle quizzes.
OR
Log In

You Might Also Like...

Show Comments

Extras

Top Quizzes Today


Score Distribution

Your Account Isn't Verified!

In order to create a playlist on Sporcle, you need to verify the email address you used during registration. Go to your Sporcle Settings to finish the process.

Report this User

Report this user for behavior that violates our Community Guidelines.

Details: